Lippincott Illustrated Reviews: (Record no. 1685)

MARC details
000 -LEADER
Fixed length control field 00829nam a2200277 a 4500
003 - CONTROL NUMBER IDENTIFIER
Control field IIN
005 - DATE AND TIME OF LATEST TRANSACTION
Control field 20250324152357.0
008 - FIXED-LENGTH DATA ELEMENTS--GENERAL INFORMATION
Fixed length control field 250324s9999 xx ad 001 0 eng d
020 ## - INTERNATIONAL STANDARD BOOK NUMBER / ISBN
Price Rs.1301.38
International Standard Book Number 9789395736527
040 ## - CATALOGING SOURCE
Original cataloging agency IIN
Language of cataloging English
082 ## - DEWEY DECIMAL CLASSIFICATION NUMBER
Classification number 612
Book Number PRE
245 1# - TITLE STATEMENT
Title Lippincott Illustrated Reviews:
Sub title Physiology
Statement of responsibility edited by Robin R.Preston [et. al.]
250 ## - EDITION STATEMENT
Edition statement 2nd S.A. ed.
260 ## - IMPRINT
Name of publisher Wolters Kluwer
Place of publication New Delhi
Date of publication 2023
300 ## - PHYSICAL DESCRIPTION
Page / Vol. No xxxiii, 729 p.
Other physical details col. ill.
500 ## - GENERAL NOTE
General note Includes Index
500 ## - GENERAL NOTE
General note Includes e-contents at lwwindia.co.in
650 1# - SUBJECT ADDED ENTRY--TOPICAL TERM
Topical term Physiology
700 1# - ADDED ENTRY--PERSONAL NAME
Personal name Preston, Robin R. (ed.)
700 1# - ADDED ENTRY--PERSONAL NAME
Personal name Wilson, Thad E. (ed.)
700 1# - ADDED ENTRY--PERSONAL NAME
Personal name Das, Subhasis (ed.)
700 1# - ADDED ENTRY--PERSONAL NAME
Personal name Pramod, John (ed.)
700 1# - ADDED ENTRY--PERSONAL NAME
Personal name Chandran, Madhavan (ed.)
856 ## - ELECTRONIC LOCATION AND ACCESS
Uniform Resource Identifier lwwindia.co.in
942 ## - ADDED ENTRY ELEMENTS (KOHA)
Koha item type Books
Holdings
Withdrawn status Lost status Source of classification Damaged status Not for loan Collection code Home library Current library Shelving location Date acquired Price Total Checkouts Call number Accession number Date last seen Price effective from Koha item type
    Dewey Decimal Classification     Purches Book IDEAL INSTITUTE OF NURSING IDEAL INSTITUTE OF NURSING General Stacks 11/03/2025 1301.38   612 PRE 1790 24/03/2025 24/03/2025 Books
© Ideal Institute Of Nursing, All rights reserved.         Powered by Koha